| 000 | 01346nam a22003497a 4500 | ||
|---|---|---|---|
| 003 | OSt | ||
| 005 | 20230607081329.0 | ||
| 008 | 221006b |||||||| |||| 00| 0 eng d | ||
| 040 | _cBiblioteca Lado V | ||
| 082 |
_a800 _bP419m |
||
| 100 |
_9270 _aPeña, Alfonso _eeditor |
||
| 245 | _aMaterika/ | ||
| 260 |
_aCosta Rica _bEdiciones Andromeda _c2002 |
||
| 300 |
_c15.5x21cm _a60p. |
||
| 366 | _espa | ||
| 490 |
_a4 _v2 _x1409-3693 |
||
| 505 |
_aPoemas _rMario Camacho |
||
| 505 |
_aJulio Cortazar y la rabdomancia artística _rMarcy Schwartz |
||
| 505 |
_aElla estaba donde no se sabia _rFroilan Escobar |
||
| 505 |
_aJose Luis cuevas artista de las letras _rMiguel Angel Muñoz |
||
| 505 |
_aLas flores de la tia lili _rEduardo D'Bosco |
||
| 505 |
_aLa artista
La evangelizacion _rPatricia Highsmith |
||
| 505 | _aPublicaciones Recibidas | ||
| 505 |
_aLa cartografía literaria de Saul Ibargoyen _rAglae Margalli |
||
| 505 |
_aLos perros de donde _rMyriam Bustos Arratia |
||
| 650 |
_2Tesauro de Arte & Arquitectura _aPOESIA _9703 |
||
| 650 |
_2Tesauro de Arte & Arquitectura _aENTREVISTA _9702 |
||
| 650 |
_2Tesauro de Arte & Arquitectura _aLITERATURA _9702 |
||
| 650 |
_2Tesauro de Arte & Arquitectura _aNARRATIVA |
||
| 650 |
_2Tesauro de Arte & Arquitectura _aESPAÑOL |
||
| 942 |
_2ddc _c1 _h800 _iP419m _n0 |
||
| 999 |
_c3793 _d3793 |
||